LEADER 01404nam a2200289 i 4500 001 000000037163 003 CaOOAMICUS 005 20090611000000.0 008 090611s1990 sw u000 u mul u 013 $a7387 020 $a91-87974-01-0 040 $aSeMil$bita 100 1 $aMatthias : de Lincopia <1300?-1350?>.$0(OLS)http://semarc/name/17669 245 10$aCopia exemplorum /$cMagister Matthias ; herausgegeben von Lars Wåhlin ; mit einer Einleitung und Indizes von Margarete Andersson-Schmitt. 260 $aUppsala :$bUniversität Uppsala, Institut für klassische Philologie,$c1990. 300 $axvii, 163 p. ;$c25 cm. 490 0 $aStudia Seminarii Latini Upsaliensis ;$v2 650 4$aLetteratura religiosa - Sec. 15.$0(OLS)http://semarc/subject/7308 700 1 $aAndersson-Schmitt, Margarete.$0(OLS)http://semarc/name/17671 700 1 $aWåhlin, Lars <1861-1930>.$0(OLS)http://semarc/name/17670 830 0$aStudia Seminarii Latini Upsaliensis ;$v2.$0(OLS)http://semarc/title/313 850 $aSeMil 852 $aSeMil$W1$xVenegono$y1$m2Q IV 302$j3318$B3318$CSeMilBibl$Z2$F3318 $81 961 $aCambio: Scuola Cattolica 996 $6020$a91-87974-01-0$9(OLS)http://semarc/number/6064 996 $6245$aCopia exemplorum$9(OLS)http://semarc/title/51898 996 $6260$aUppsala :$bUniversität Uppsala, Institut für klassische Philologie$9(OLS)http://semarc/publisher/29732 LEADER 01215nam a2200265 i 4500 001 000000089287 003 CaOOAMICUS 005 20240917163340.0 008 020531s2001 it u000 u ita u 020 $a88-8025-269-0 040 $aSeMil$bita 245 02$aL'audacia della virtù :$bmons. Giovanni Battista Guzzetti, servitore della Chiesa /$ca cura di Ernesto Combi. 264 1$aMilano :$bITL,$c2001. 300 $a189 p. ;$c24 cm. 490 1 $aArchivio Ambrosiano ;$v84. 600 14$aGuzzetti, Giovanni Battista .$0(OLS)http://semarc/subject/16478 700 1 $aCombi, Ernesto Battista,$c.$0(OLS)http://semarc/name/16115 830 0$aArchivio Ambrosiano ;$v84.$0(OLS)http://semarc/title/254 850 $aSeMil 852 $aSeMil$W1$xVenegono$y1$m3TA A 84$j250847$B52432$CSeMilBibl$Z2$F56887 $81 961 $aOmaggio: ITL 996 $6020$a88-8025-269-0$9(OLS)http://semarc/number/69241 996 $6245$aL'audacia della virtù :$bmons. Giovanni Battista Guzzetti, servitore della Chiesa$9(OLS)http://semarc/title/135206 996 $6264$aMilano :$bITL$9(OLS)http://semarc/publisher/30648